Studia in honorem Roberti Horváth septuagenari

Elmentve itt :
Bibliográfiai részletek
További közreműködők: Tóth Károly
Dokumentumtípus: Folyóirat
Megjelent: 1986
Sorozat:Acta Universitatis Szegediensis : acta juridica et politica 36 No. 1-20
Kulcsszavak:Jogtudomány - tanulmányok
Online Access:http://acta.bibl.u-szeged.hu/37701
LEADER 00598nas a2200169 i 4500
001 acta37701
005 20260224081030.0
008 161201s1986 hu o 000 hun d
040 |a SZTE Egyetemi Kiadványok Repozitórium  |b hun 
041 |a hun 
245 0 0 |a Studia in honorem Roberti Horváth septuagenari  |h [elektronikus dokumentum] 
260 |c 1986 
300 |a 302 
490 0 |a Acta Universitatis Szegediensis : acta juridica et politica  |v 36 No. 1-20 
695 |a Jogtudomány - tanulmányok 
700 0 1 |a Tóth Károly 
856 4 0 |u http://acta.bibl.u-szeged.hu/37701/1/juridpol_036.pdf  |z Dokumentum-elérés